[Event "ICC Open Final 2016"]
[Site "ICC INT"]
[Date "2016.06.05"]
[Round "1.2"]
[White "Carlsen, M."]
[Black "Hevia, A."]
[Result "1/2-1/2"]
[WhiteElo "2855"]
[BlackElo "2533"]
[PlyCount "81"]
[EventDate "2016.06.05"]

1. d4 e6 2. Bf4 Nf6 3. e3 b6 4. Nf3 Bb7 5. h3 c5 6. c3 cxd4 7. cxd4 Be7 8. Bd3
O-O 9. O-O d6 10. Nc3 Nbd7 11. Qe2 a6 12. a4 d5 13. Rfc1 Ne8 14. Nb1 Bd6 15.
Ne5 Bxe5 16. Bxe5 Nxe5 17. dxe5 f6 18. Qg4 Qd7 19. f4 d4 20. e4 fxe5 21. fxe5
Rc8 22. Nd2 Rxc1+ 23. Rxc1 g6 24. Nf3 Ng7 25. Rc4 b5 26. Rxd4 Qc7 27. axb5 axb5
28. Qg5 Qb6 29. Qe3 Nh5 30. Qf2 Nf4 31. Bf1 Nxh3+ 32. gxh3 Rxf3 33. Qxf3 Qxd4+
34. Qf2 Qxe4 35. Qf6 Qe3+ 36. Kh2 Qd2+ 37. Kg3 Qe3+ 38. Kh2 Qd2+ 39. Kg3 Qe3+
40. Kh2 Qd2+ 41. Kg3 1/2-1/2

[Event "ICC Open Final 2016"]
[Site "ICC INT"]
[Date "2016.06.05"]
[Round "2.3"]
[White "Grischuk, A."]
[Black "Carlsen, M."]
[Result "1/2-1/2"]
[WhiteElo "2747"]
[BlackElo "2855"]
[PlyCount "66"]
[EventDate "2016.06.05"]

1. d4 Nf6 2. c4 e6 3. Nf3 d5 4. Nc3 c6 5. Bg5 h6 6. Bh4 Nbd7 7. e3 g5 8. Bg3
Nh5 9. Bd3 Nxg3 10. hxg3 Bg7 11. Qe2 Qe7 12. O-O-O a6 13. Kb1 dxc4 14. Bxc4 b5
15. Bd3 c5 16. Be4 Rb8 17. Bc6 O-O 18. Bxd7 Bxd7 19. Ne5 b4 20. Ne4 Bb5 21. Qh5
cxd4 22. exd4 Rfd8 23. f4 b3 24. fxg5 Be8 25. gxh6 bxa2+ 26. Ka1 Rxb2 27. hxg7
Rb1+ 28. Kxa2 Rb2+ 29. Kxb2 Qb4+ 30. Ka2 Qa4+ 31. Kb2 Qb4+ 32. Ka2 Qa4+ 33. Kb2
Qb4+ 1/2-1/2

[Event "ICC Open Final 2016"]
[Site "ICC INT"]
[Date "2016.06.05"]
[Round "2.2"]
[White "Carlsen, M."]
[Black "Grischuk, A."]
[Result "1-0"]
[WhiteElo "2855"]
[BlackElo "2747"]
[PlyCount "85"]
[EventDate "2016.06.05"]

1. e4 c6 2. Nc3 d5 3. Nf3 Nf6 4. e5 Ne4 5. Ne2 Qb6 6. d4 c5 7. Ng3 e6 8. Bd3
Nxg3 9. hxg3 cxd4 10. g4 Nc6 11. a3 Bd7 12. Kf1 f6 13. Qe2 O-O-O 14. b4 Nxe5
15. Nxe5 fxe5 16. Qxe5 Bd6 17. Qxg7 Rhg8 18. Qxh7 Rxg4 19. Bd2 e5 20. Bf5 Qb5+
21. Kg1 Bxf5 22. Qxf5+ Qd7 23. Rh5 Qxf5 24. Rxf5 Rg6 25. Re1 Bc7 26. c3 dxc3
27. Bxc3 d4 28. Bd2 Re8 29. f3 Kd7 30. g4 Re7 31. Rh5 Rc6 32. Kf2 Rc2 33. Ke2
e4 34. fxe4 Rxe4+ 35. Kd3 Rxe1 36. Kxc2 Rg1 37. Rd5+ Ke6 38. Rxd4 Be5 39. Rc4
Kd5 40. Rc5+ Ke4 41. g5 Rg2 42. Rc8 Bf4 43. Rc4+ 1-0

[Event "ICC Open Final 2016"]
[Site "ICC INT"]
[Date "2016.06.05"]
[Round "2.1"]
[White "Grischuk, A."]
[Black "Carlsen, M."]
[Result "1-0"]
[WhiteElo "2747"]
[BlackElo "2855"]
[PlyCount "95"]
[EventDate "2016.06.05"]

1. e4 e5 2. Nf3 Nc6 3. Bb5 Nf6 4. d3 Bc5 5. Bxc6 dxc6 6. Nbd2 Bg4 7. h3 Bh5 8.
g4 Bg6 9. Qe2 Nd7 10. Nc4 Qe7 11. Be3 O-O-O 12. O-O-O f6 13. Nfd2 Bf7 14. Kb1
Kb8 15. f4 Bxe3 16. Qxe3 exf4 17. Qxf4 Nc5 18. Ne3 Ne6 19. Qf2 c5 20. Nf5 Qd7
21. Nf3 h5 22. Rhg1 hxg4 23. hxg4 c4 24. d4 Nc5 25. Qe1 Na4 26. Qb4 c5 27. Qa3
b5 28. Qe3 b4 29. d5 Qb5 30. g5 Nc3+ 31. Ka1 Nxd1 32. Rxd1 Ka8 33. Nxg7 fxg5
34. Nxg5 Bh5 35. Nxh5 Rxh5 36. Ne6 Rd7 37. Nxc5 Rdh7 38. Ne6 Rh1 39. Qc1 Rxd1
40. Qxd1 Qb6 41. b3 c3 42. a3 Qf2 43. axb4 Rh2 44. d6 Qd2 45. Qf1 Qxd6 46. Nc5
Rxc2 47. e5 Rf2 48. Qh1+ 1-0

[Event "Reykjavik Open 2016"]
[Site "Reykjavik ISL"]
[Date "2016.03.16"]
[Round "10.55"]
[White "Carlsen, H."]
[Black "Christensen, Janu"]
[Result "0-1"]
[WhiteElo "2011"]
[BlackElo "2136"]
[PlyCount "154"]
[EventDate "2016.03.08"]

1. e4 e5 2. Nf3 Nc6 3. Bb5 a6 4. Ba4 Bc5 5. O-O b5 6. Bb3 d6 7. c3 Bg4 8. h3
Bh5 9. d3 Nf6 10. a4 h6 11. Re1 g5 12. g4 Bg6 13. Kg2 Qc8 14. Nh2 b4 15. Be3
Rb8 16. Nd2 Na5 17. Ba2 Qb7 18. Bxc5 dxc5 19. Nc4 Nc6 20. Nf1 h5 21. f3 Rd8 22.
Qe2 b3 23. Bb1 Nd7 24. Ra3 Nf8 25. Qe3 Ne6 26. Kf2 f6 27. Nfd2 hxg4 28. fxg4
Nf4 29. Rh1 Ne7 30. Rh2 Qc6 31. Nxb3 Ne6 32. Bc2 Kf7 33. Ra1 Rh4 34. Nbd2 Rdh8
35. Nf3 Kg7 36. Nxh4 Rxh4 37. Rg1 Nf4 38. Rg3 Bf7 39. Nd2 Rh8 40. b3 Neg6 41.
Rg1 Be6 42. Rgh1 Rd8 43. Nf3 Qd6 44. Rd1 Rb8 45. c4 Rh8 46. Kg3 Bd7 47. Rdh1
Qe6 48. Kf2 Qb6 49. Qd2 Qd6 50. a5 Be6 51. Qe3 Nh4 52. Nxh4 Rxh4 53. Rg1 Bd7
54. Rg3 Qf8 55. Ke1 Qd6 56. Kd2 Ne6 57. Rh1 Nd4 58. Ra1 Rh8 59. Kc3 Qc6 60. Ra2
Qb7 61. Kb2 Rb8 62. Ra3 Qb4 63. Rg2 Rh8 64. Bd1 Bc6 65. Rh2 Bd7 66. Qd2 Rxh3
67. Ra2 Rxh2 68. Qxh2 Qe1 69. Ra1 Qe3 70. Bc2 Nf3 71. Qg3 Qd4+ 72. Ka2 Qc3 73.
Rc1 Qd2 74. Kb2 Nd4 75. Qe1 Qxe1 76. Rxe1 Bxg4 77. Rg1 Be2 0-1

[Event "Reykjavik Open 2016"]
[Site "Reykjavik ISL"]
[Date "2016.03.15"]
[Round "9.47"]
[White "Dougherty, M."]
[Black "Carlsen, H."]
[Result "1-0"]
[WhiteElo "2169"]
[BlackElo "2011"]
[PlyCount "105"]
[EventDate "2016.03.08"]

1. c4 e5 2. g3 Nf6 3. Bg2 Bc5 4. Nc3 c6 5. e3 O-O 6. Nge2 d5 7. cxd5 cxd5 8. d4
exd4 9. exd4 Bb6 10. O-O Nc6 11. Bg5 Be6 12. Na4 h6 13. Nxb6 axb6 14. Bf4 b5
15. Nc3 b4 16. Nb5 Ne8 17. a4 bxa3 18. Rxa3 Rxa3 19. bxa3 g5 20. Bd2 Nd6 21.
Nxd6 Qxd6 22. Qa4 Rd8 23. f4 f6 24. fxg5 fxg5 25. Qc2 Kg7 26. a4 Rf8 27. Rxf8
Qxf8 28. Qb3 Qf7 29. a5 Qd7 30. h4 gxh4 31. Qe3 Qf7 32. Qxh6+ Kg8 33. Qxh4 Qg6
34. Bf1 Qg4 35. Qxg4+ Bxg4 36. Bc3 Kf7 37. Kf2 Ke6 38. Ke3 Kf5 39. Bg2 Ke6 40.
Kf4 Bd1 41. Bh3+ Kd6 42. g4 Bc2 43. g5 Ke7 44. Bc8 Nd8 45. Ke5 Be4 46. Bb4+ Ke8
47. Kf6 Nc6 48. Bc3 Nd8 49. g6 Bd3 50. Be1 Nc6 51. Bxb7 Nxd4 52. g7 Bh7 53. a6
1-0

[Event "Reykjavik Open 2016"]
[Site "Reykjavik ISL"]
[Date "2016.03.14"]
[Round "8.46"]
[White "Carlsen, H."]
[Black "Barthel, A."]
[Result "0-1"]
[WhiteElo "2011"]
[BlackElo "2166"]
[PlyCount "60"]
[EventDate "2016.03.08"]

1. d4 Nf6 2. c4 g6 3. Nc3 Bg7 4. g3 O-O 5. Bg2 d6 6. Nf3 Nbd7 7. O-O e5 8. dxe5
dxe5 9. e4 c6 10. Qc2 Qe7 11. h3 Re8 12. Be3 a5 13. Rfe1 Nc5 14. Rad1 Nfd7 15.
b3 Nf8 16. Kh2 Nfe6 17. Qc1 Rd8 18. Rxd8+ Qxd8 19. Rd1 Qc7 20. Ng5 b6 21. Nxe6
Nxe6 22. Ne2 Bb7 23. Rd3 Rd8 24. Qd2 Rxd3 25. Qxd3 c5 26. Nc3 Nd4 27. Nd5 Qd6
28. a4 Bc8 29. Bxd4 cxd4 30. Kg1 Be6 0-1

[Event "78th Tata Steel GpA"]
[Site "Wijk aan Zee NED"]
[Date "2016.01.31"]
[Round "13.1"]
[White "Carlsen, M."]
[Black "Ding Liren"]
[Result "1/2-1/2"]
[WhiteElo "2844"]
[BlackElo "2766"]
[PlyCount "197"]
[EventDate "2016.01.16"]

1. e4 e5 2. Nf3 Nc6 3. Bb5 a6 4. Ba4 Nf6 5. O-O Nxe4 6. d4 b5 7. Bb3 d5 8. dxe5
Be6 9. Nbd2 Nc5 10. c3 Be7 11. Bc2 d4 12. Nb3 d3 13. Nxc5 dxc2 14. Qxd8+ Rxd8
15. Nxe6 fxe6 16. Be3 Rd5 17. Rfc1 Nxe5 18. Nxe5 Rxe5 19. Bd4 Rg5 20. Rxc2 Kf7
21. Be3 Re5 22. c4 b4 23. Rd1 Rd8 24. Rxd8 Bxd8 25. Kf1 Bg5 26. Bd4 Ra5 27. b3
Bf6 28. Be3 Bg5 29. f4 Be7 30. g4 h5 31. h3 g6 32. Ke2 hxg4 33. hxg4 e5 34. Kf3
exf4 35. Bxf4 Bd6 36. c5 Bxc5 37. Bxc7 Rb5 38. Ke4 Ke6 39. Bf4 Ra5 40. Bd2 Be7
41. Rc6+ Kd7 42. Rxg6 Rxa2 43. Bf4 Ra3 44. g5 Rxb3 45. Rb6 Bxg5 46. Bxg5 a5 47.
Ra6 a4 48. Rxa4 Kc6 49. Ra5 Ra3 50. Rf5 b3 51. Bf6 Ra2 52. Bd4 b2 53. Rc5+ Kb6
54. Rc3+ Kb5 55. Rb3+ Kc4 56. Rb8 b1=Q+ 57. Rxb1 Re2+ 58. Be3 Rc2 59. Rb8 Kc3
60. Rc8+ Kb3 61. Bc5 Kc4 62. Rc7 Kc3 63. Kd5 Kd3 64. Rh7 Re2 65. Rh3+ Kc2 66.
Kc4 Re4+ 67. Bd4 Kd2 68. Rh2+ Re2 69. Rh4 Rg2 70. Re4 Re2 71. Bc3+ Kd1 72. Rf4
Kc2 73. Rd4 Rf2 74. Rd3 Re2 75. Bd4 Re4 76. Ra3 Re2 77. Be3 Kd1 78. Rd3+ Ke1
79. Rc3 Kf1 80. Kd3 Ra2 81. Rc1+ Kg2 82. Ke4 Kg3 83. Rc8 Rg2 84. Rf8 Kg4 85.
Bf2 Kh3 86. Kf3 Rg3+ 87. Kf4 Rg4+ 88. Kf5 Rg7 89. Bd4 Rg3 90. Be5 Rf3+ 91. Bf4
Kg2 92. Kg4 Rf2 93. Rh8 Re2 94. Rh3 Kf2 95. Rf3+ Kg2 96. Be3 Rc2 97. Rg3+ Kf1
98. Kf3 Rf2+ 99. Bxf2 1/2-1/2

[Event "78th Tata Steel GpA"]
[Site "Wijk aan Zee NED"]
[Date "2016.01.30"]
[Round "12.1"]
[White "So, W."]
[Black "Carlsen, M."]
[Result "1/2-1/2"]
[WhiteElo "2773"]
[BlackElo "2844"]
[PlyCount "55"]
[EventDate "2016.01.16"]

1. c4 c5 2. Nf3 Nf6 3. Nc3 e6 4. g3 b6 5. Bg2 Bb7 6. O-O Be7 7. Re1 d5 8. cxd5
Nxd5 9. e4 Nb4 10. d4 cxd4 11. Nxd4 N8c6 12. Nxc6 Qxd1 13. Rxd1 Bxc6 14. Rb1
Rd8 15. Rxd8+ Kxd8 16. a3 Nd3 17. Be3 Kc7 18. f4 a5 19. e5 Rd8 20. Bxc6 Kxc6
21. Kf1 Bc5 22. Ke2 Bxe3 23. Kxe3 Nc5 24. Rc1 Rd3+ 25. Ke2 Rd4 26. Ke3 Rd3+ 27.
Ke2 Rd4 28. Ke3 1/2-1/2

[Event "78th Tata Steel GpA"]
[Site "Wijk aan Zee NED"]
[Date "2016.01.29"]
[Round "11.1"]
[White "Carlsen, M."]
[Black "Hou Yifan"]
[Result "1-0"]
[WhiteElo "2844"]
[BlackElo "2673"]
[PlyCount "107"]
[EventDate "2016.01.16"]

1. e4 e5 2. Nf3 Nf6 3. Nxe5 d6 4. Nf3 Nxe4 5. Nc3 Nxc3 6. dxc3 Be7 7. Be3 Nc6
8. Qd2 Be6 9. O-O-O Qd7 10. b3 Bf6 11. h3 O-O-O 12. g4 h6 13. Bg2 Kb8 14. Rhe1
Rhe8 15. Kb2 a6 16. Re2 Qe7 17. Rde1 Qf8 18. Nd4 Nxd4 19. Bxd4 Bxd4 20. Qxd4
Bd7 21. f4 Rxe2 22. Rxe2 Re8 23. Rxe8+ Bxe8 24. Qb4 c6 25. Bf1 Kc8 26. g5 Qe7
27. gxh6 gxh6 28. Qd4 f6 29. Qa7 Bd7 30. a4 Qd8 31. Qg1 Qe7 32. Qg6 Qe1 33. Bd3
Qh4 34. Bf5 Bxf5 35. Qxf5+ Kb8 36. c4 Kc7 37. Qa5+ Kc8 38. Qd2 Kd7 39. c5 d5
40. Qe3 Qh5 41. Qg3 Qf7 42. Qg4+ f5 43. Qg3 Qf6+ 44. Qc3 Qxc3+ 45. Kxc3 h5 46.
Kb4 Kc8 47. Ka5 Kc7 48. h4 Kb8 49. Kb6 Kc8 50. b4 Kb8 51. b5 cxb5 52. axb5 axb5
53. Kxb5 Kc7 54. c3 1-0

[Event "78th Tata Steel GpA"]
[Site "Wijk aan Zee NED"]
[Date "2016.01.27"]
[Round "10.1"]
[White "Giri, A."]
[Black "Carlsen, M."]
[Result "1/2-1/2"]
[WhiteElo "2798"]
[BlackElo "2844"]
[PlyCount "68"]
[EventDate "2016.01.16"]

1. d4 Nf6 2. c4 e6 3. Nf3 d5 4. Nc3 Bb4 5. Bg5 h6 6. Bxf6 Qxf6 7. Qb3 Bxc3+ 8.
Qxc3 c6 9. e3 Nd7 10. Bd3 dxc4 11. Bxc4 O-O 12. Bd3 c5 13. O-O b6 14. Be4 Rb8
15. b4 Bb7 16. Bxb7 Rxb7 17. Rac1 Rc8 18. dxc5 bxc5 19. Qxf6 gxf6 20. a3 Rcc7
21. g3 cxb4 22. Rxc7 Rxc7 23. axb4 Rb7 24. Ra1 Rxb4 25. Rxa7 Nc5 26. Ra2 Kg7
27. Kg2 Rb7 28. Rc2 Ne4 29. Nd4 f5 30. Ne2 Rd7 31. Nd4 Rb7 32. h3 Rd7 33. Kf3
Ng5+ 34. Kg2 Ne4 1/2-1/2

[Event "78th Tata Steel GpA"]
[Site "Wijk aan Zee NED"]
[Date "2016.01.24"]
[Round "8.1"]
[White "Karjakin, Sergey"]
[Black "Carlsen, M."]
[Result "1/2-1/2"]
[WhiteElo "2769"]
[BlackElo "2844"]
[PlyCount "62"]
[EventDate "2016.01.16"]

1. e4 e5 2. Nf3 Nc6 3. Bb5 g6 4. O-O Bg7 5. c3 a6 6. Ba4 d6 7. d4 Bd7 8. Re1
Nf6 9. d5 Ne7 10. Bxd7+ Nxd7 11. Be3 Ng8 12. c4 Bh6 13. Nc3 Bxe3 14. Rxe3 Ngf6
15. b4 O-O 16. Rc1 Qe7 17. Nd2 a5 18. a3 axb4 19. axb4 Nb6 20. h3 Rfc8 21. Ra1
Rxa1 22. Qxa1 Ra8 23. Qb2 Qe8 24. Qc2 c6 25. Kh2 Qc8 26. dxc6 Qxc6 27. Qb3 Kg7
28. Rd3 Ra1 29. Qb2 Ra8 30. Qb3 Ra1 31. Qb2 Ra8 1/2-1/2

[Event "78th Tata Steel GpA"]
[Site "Wijk aan Zee NED"]
[Date "2016.01.23"]
[Round "7.1"]
[White "Eljanov, P."]
[Black "Carlsen, M."]
[Result "0-1"]
[WhiteElo "2760"]
[BlackElo "2844"]
[PlyCount "68"]
[EventDate "2016.01.16"]

1. d4 Nf6 2. c4 e6 3. Nf3 d5 4. g3 Bb4+ 5. Bd2 Be7 6. Bg2 O-O 7. O-O Nbd7 8.
Qc2 Ne4 9. Bf4 c6 10. Nc3 g5 11. Be3 Nd6 12. b3 Nf5 13. g4 Nxe3 14. fxe3 b5 15.
e4 b4 16. exd5 bxc3 17. dxc6 Nb8 18. Qe4 f5 19. gxf5 exf5 20. Qd5+ Qxd5 21.
cxd5 Na6 22. Rac1 Nc7 23. Ne5 f4 24. Nc4 Rd8 25. Rxc3 Nxd5 26. c7 Nxc7 27. Bxa8
Nxa8 28. e3 Bb4 29. Rc2 Bb7 30. h4 Be4 31. Rh2 Nb6 32. Ne5 fxe3 33. hxg5 Rxd4
34. Ng4 Nd5 0-1

[Event "EU-chT 20th"]
[Site "Reykjavik"]
[Date "2015.11.15"]
[Round "3.1"]
[White "Carlsen, Magnus"]
[Black "Aronian, Levon"]
[Result "0-1"]
[WhiteElo "2850"]
[BlackElo "2781"]
[PlyCount "90"]
[EventDate "2015.11.13"]
[EventType "team-swiss"]
[EventRounds "9"]
[EventCountry "ISL"]
[SourceTitle "Mega2016 Update 08"]
[Source "Chessbase"]
[SourceDate "2015.11.27"]
[WhiteTeam "Norway"]
[BlackTeam "Armenia"]
[WhiteTeamCountry "NOR"]
[BlackTeamCountry "ARM"]

1. e4 e5 2. Nf3 Nc6 3. Bb5 Nf6 4. d3 Bc5 5. O-O Nd4 6. Nxd4 Bxd4 7. c3 Bb6 8.
Na3 c6 9. Ba4 d6 10. Bb3 a5 11. Nc4 Ba7 12. a4 O-O 13. Bg5 h6 14. Bxf6 Qxf6 15.
Nxa5 d5 16. Bc2 dxe4 17. dxe4 Rd8 18. Qe1 Qg5 19. Kh1 Rd2 20. Bd1 Be6 21. b4
Rad8 22. Nxb7 Bc4 23. Nxd8 Bxf1 24. Qxf1 Rxf2 25. Qg1 Ra2 26. Rxa2 Bxg1 27.
Kxg1 Qc1 28. Kf2 Qxd1 29. Nxc6 Qb3 30. Rd2 Qxc3 31. Rd6 Qb2+ 32. Ke3 Qa3+ 33.
Kf2 Qxa4 34. Nxe5 Qc2+ 35. Kf3 f5 36. Rd3 fxe4+ 37. Kxe4 Qxg2+ 38. Nf3 Qg4+ 39.
Ke3 g5 40. Kf2 Qf5 41. Rd8+ Kg7 42. Kg2 g4 43. Nd2 Qe6 44. Nf1 Qc6+ 45. Kf2
Qb6+ 0-1

[Event "Wch Blitz"]
[Site "Berlin"]
[Date "2015.10.14"]
[Round "16"]
[White "Zhigalko, Sergei"]
[Black "Carlsen, Magnus"]
[Result "1/2-1/2"]
[WhiteElo "2656"]
[BlackElo "2850"]
[PlyCount "63"]
[EventDate "2015.10.13"]
[EventType "swiss (blitz)"]
[EventRounds "21"]
[EventCountry "GER"]
[SourceTitle "Mega2016 Update 02"]
[Source "Chessbase"]
[SourceDate "2015.11.05"]

1. e4 e5 2. Nf3 Nc6 3. Bc4 Bc5 4. O-O d6 5. c3 Nf6 6. d3 O-O 7. Bb3 Be6 8. Nbd2
Bxb3 9. axb3 a6 10. b4 Ba7 11. Nc4 Re8 12. Be3 Bxe3 13. fxe3 b5 14. Ncd2 a5 15.
bxa5 Nxa5 16. Nh4 Nc6 17. Rxa8 Qxa8 18. Nf5 Ne7 19. Nh6+ Kf8 20. Qb3 d5 21.
Qxb5 Rb8 22. Qc5 Rxb2 23. Nf5 Qd8 24. Nf3 g6 25. Nxe7 Qxe7 26. Qxe7+ Kxe7 27.
Nxe5 dxe4 28. Nc6+ Ke6 29. Nd4+ Ke5 30. Nc6+ Ke6 31. Nd4+ Ke7 32. Nc6+ 1/2-1/2

[Event "Wch Blitz"]
[Site "Berlin"]
[Date "2015.10.14"]
[Round "21"]
[White "Carlsen, Magnus"]
[Black "Tomashevsky, Evgeny"]
[Result "1-0"]
[WhiteElo "2850"]
[BlackElo "2758"]
[PlyCount "87"]
[EventDate "2015.10.13"]
[EventType "swiss (blitz)"]
[EventRounds "21"]
[EventCountry "GER"]
[SourceTitle "Mega2016 Update 02"]
[Source "Chessbase"]
[SourceDate "2015.11.05"]

1. e4 c6 2. Bc4 d5 3. Bb3 dxe4 4. Qh5 e6 5. Nc3 Nf6 6. Qh4 Nbd7 7. f3 Nc5 8.
fxe4 Nfxe4 9. Qxd8+ Kxd8 10. Nxe4 Nxe4 11. d4 Bb4+ 12. c3 Bd6 13. Nf3 f5 14.
Be3 Kc7 15. O-O-O Bd7 16. Rhe1 Rhe8 17. Bc2 Nf6 18. Ne5 Rf8 19. g3 Rad8 20. Bb3
Bc8 21. Nc4 Nd5 22. Nxd6 Nxe3 23. Nb5+ cxb5 24. Rxe3 f4 25. gxf4 Rxf4 26. Bxe6
Re8 27. Rde1 Bxe6 28. Rxe6 Rxe6 29. Rxe6 Rf1+ 30. Kd2 Rf2+ 31. Re2 Rxe2+ 32.
Kxe2 Kd6 33. Kd3 Kd5 34. b3 b6 35. a4 bxa4 36. bxa4 a6 37. c4+ Ke6 38. Ke4 g6
39. d5+ Kd6 40. Kd4 h6 41. Ke4 Kd7 42. Ke5 Ke7 43. h3 h5 44. h4 1-0

[Event "Wch Blitz"]
[Site "Berlin"]
[Date "2015.10.14"]
[Round "18"]
[White "Gelfand, Boris"]
[Black "Carlsen, Magnus"]
[Result "0-1"]
[WhiteElo "2741"]
[BlackElo "2850"]
[PlyCount "99"]
[EventDate "2015.10.13"]
[EventType "swiss (blitz)"]
[EventRounds "21"]
[EventCountry "GER"]
[SourceTitle "Mega2016 Update 02"]
[Source "Chessbase"]
[SourceDate "2015.11.05"]

1. d4 e6 2. c4 f5 3. g3 Nf6 4. Bg2 c6 5. Nh3 d6 6. Nc3 d5 7. O-O Be7 8. Bg5 O-O
9. Nf4 Na6 10. e3 Nc7 11. Qe2 Bd7 12. Nd3 Be8 13. Ne5 Nd7 14. Bxe7 Qxe7 15. f4
g5 16. cxd5 exd5 17. Qc2 Ne6 18. Qb3 Nxe5 19. dxe5 Rd8 20. Rad1 Bh5 21. Rd2
gxf4 22. exf4 Kh8 23. Kh1 d4 24. Ne2 Nc5 25. Qa3 Bxe2 26. Rxe2 Rfe8 27. Rd1 d3
28. Red2 Rd4 29. Qxa7 Red8 30. Kg1 Ne4 31. Bxe4 fxe4 32. Re1 Qb4 33. Rdd1 d2
34. Re2 Qxb2 35. Qc5 Qxa2 36. Qe7 Qg8 37. f5 Qg7 38. Qe6 Qg4 39. Qf6+ Qg7 40.
Qe6 R4d5 41. f6 Qg6 42. Qe7 R5d7 43. Qc5 Qg5 44. Qe3 Qxe3+ 45. Rxe3 Kg8 46. e6
Rd4 47. Kf2 R8d6 48. e7 Rxf6+ 49. Ke2 Kf7 50. Rb3 0-1

[Event "Wch Blitz"]
[Site "Berlin"]
[Date "2015.10.14"]
[Round "20"]
[White "Carlsen, Magnus"]
[Black "Ivanchuk, Vassily"]
[Result "0-1"]
[WhiteElo "2850"]
[BlackElo "2726"]
[PlyCount "76"]
[EventDate "2015.10.13"]
[EventType "swiss (blitz)"]
[EventRounds "21"]
[EventCountry "GER"]
[SourceTitle "Mega2016 Update 02"]
[Source "Chessbase"]
[SourceDate "2015.11.05"]

1. d4 Nf6 2. Bg5 c5 3. Bxf6 gxf6 4. d5 Qb6 5. Qc1 f5 6. c4 d6 7. Nc3 Nd7 8. g3
Bg7 9. Nf3 Nf6 10. Nd2 Ne4 11. Ndxe4 fxe4 12. Bg2 Qb4 13. O-O Qxc4 14. Bxe4 h5
15. h4 Bg4 16. Re1 O-O-O 17. Rb1 Kb8 18. Bg2 Rhg8 19. Qe3 Bf6 20. Ne4 Bd4 21.
Qd2 Qxa2 22. Qf4 Rgf8 23. b4 Be5 24. Qe3 c4 25. Nc3 Qa6 26. Qd2 Rc8 27. e3 Bf5
28. Ra1 Qb6 29. Ra4 Bd3 30. Rea1 a6 31. Bf3 Rg8 32. Kg2 f5 33. Bxh5 Rcf8 34. b5
f4 35. exf4 Bxf4 36. Qe1 Bxg3 37. fxg3 Rf1 38. Qd2 Qg1+ 0-1

[Event "Wch Blitz"]
[Site "Berlin"]
[Date "2015.10.14"]
[Round "13"]
[White "Radjabov, Teimour"]
[Black "Carlsen, Magnus"]
[Result "1-0"]
[WhiteElo "2738"]
[BlackElo "2850"]
[PlyCount "81"]
[EventDate "2015.10.13"]
[EventType "swiss (blitz)"]
[EventRounds "21"]
[EventCountry "GER"]
[SourceTitle "Mega2016 Update 02"]
[Source "Chessbase"]
[SourceDate "2015.11.05"]

1. Nf3 d5 2. d4 a6 3. e3 Nf6 4. c4 e6 5. b3 c5 6. Bb2 cxd4 7. exd4 Nc6 8. Nbd2
g6 9. Bd3 Bg7 10. O-O O-O 11. Rc1 b6 12. Re1 Bb7 13. a3 Rc8 14. Qe2 dxc4 15.
bxc4 Re8 16. h3 Qc7 17. Qe3 Ne7 18. Ne5 Nf5 19. Bxf5 exf5 20. Ndf3 Bxf3 21.
Qxf3 Ne4 22. Re2 Qd6 23. Qb3 Bxe5 24. dxe5 Qc6 25. Qe3 Rcd8 26. f3 Nc5 27. e6
Nd3 28. Rd1 Nf4 29. Ree1 Rxd1 30. Rxd1 Nxe6 31. Qc3 f6 32. Qxf6 Rf8 33. Qh8+
Kf7 34. Qxh7+ Ke8 35. Qxg6+ Ke7 36. Kh1 Qxc4 37. Be5 Rf7 38. Bd6+ Ke8 39. Qg8+
Nf8 40. Bxf8 Qe2 41. Bb4+ 1-0

[Event "World Blitz 2015"]
[Site "Berlin GER"]
[Date "2015.10.14"]
[Round "19.1"]
[White "Vovk, Y."]
[Black "Carlsen, M."]
[Result "1/2-1/2"]
[WhiteElo "2617"]
[BlackElo "2850"]
[PlyCount "187"]
[EventDate "2015.10.13"]
[EventType "blitz"]

1. d4 d5 2. c4 e6 3. Nf3 a6 4. cxd5 exd5 5. Nc3 c6 6. Bf4 Bd6 7. Bg3 Ne7 8. e3
Bf5 9. Qb3 Ra7 10. Be2 O-O 11. Bxd6 Qxd6 12. Qb6 Nc8 13. Qb3 Nd7 14. O-O Qf6
15. Rfc1 Nd6 16. Qb4 a5 17. Qa3 b5 18. Qb3 Rb8 19. Nd2 Nc4 20. Nxc4 dxc4 21.
Qd1 Nb6 22. Bf3 Rd8 23. Qe1 h6 24. Rd1 b4 25. Ne4 Bxe4 26. Bxe4 Rad7 27. a3 Qe7
28. Bxc6 Rc7 29. Bf3 Na4 30. axb4 Nxb2 31. bxa5 c3 32. a6 c2 33. Rdc1 Nd3 34.
Qd2 Nxc1 35. Rxc1 Qa3 36. h3 Qxa6 37. Rxc2 Rxc2 38. Qxc2 g6 39. g3 Rb8 40. Kg2
Kg7 41. Qe4 Qf6 42. Qf4 Qxf4 43. gxf4 Rb2 44. h4 f5 45. Bd5 Kf6 46. Bc4 Rd2 47.
Bd5 Ke7 48. Bc4 Rb2 49. Bd5 h5 50. Bc4 Rb6 51. Ba2 Kd6 52. Bf7 Kd7 53. Bc4 Kc7
54. Bf7 Rd6 55. Kg3 Kb6 56. Be8 Ka5 57. Bf7 Kb4 58. d5 Rf6 59. Be6 Kc5 60. f3
Rf8 61. e4 Kd6 62. exf5 gxf5 63. Kf2 Ke7 64. Ke3 Kf6 65. Kf2 Ra8 66. Bd7 Ra7
67. Bc8 Rc7 68. Be6 Rc4 69. Kg3 Rd4 70. Bg8 Rd1 71. Be6 Rd2 72. Bg8 Rd3 73. Be6
Rd1 74. Kg2 Ra1 75. Bc8 Ra8 76. Be6 Rf8 77. Kg3 Ke7 78. Kf2 Kd6 79. Kg3 Kc5 80.
Kf2 Kd4 81. d6 Kc5 82. d7 Kd6 83. Bxf5 Ke7 84. Bg6 Rxf4 85. Bxh5 Kxd7 86. Bg4+
Kd6 87. Kg3 Rb4 88. h5 Ke5 89. Bh3 Kf6 90. Bd7 Kg5 91. Be8 Rb1 92. f4+ Kf6 93.
Bg6 Rg1+ 94. Kf3 1/2-1/2

[Event "Wch Blitz"]
[Site "Berlin"]
[Date "2015.10.14"]
[Round "14"]
[White "Carlsen, Magnus"]
[Black "Svidler, Peter"]
[Result "1/2-1/2"]
[WhiteElo "2850"]
[BlackElo "2727"]
[PlyCount "108"]
[EventDate "2015.10.13"]
[EventType "swiss (blitz)"]
[EventRounds "21"]
[EventCountry "GER"]
[SourceTitle "Mega2016 Update 02"]
[Source "Chessbase"]
[SourceDate "2015.11.05"]

1. e4 e5 2. Nf3 Nc6 3. Bb5 a6 4. Ba4 Nf6 5. O-O Be7 6. d3 b5 7. Bb3 d6 8. c3
O-O 9. Re1 Na5 10. Bc2 c5 11. Nbd2 Nc6 12. Nf1 h6 13. Ne3 Be6 14. d4 cxd4 15.
cxd4 Nxd4 16. Nxd4 exd4 17. Qxd4 Rc8 18. Bb3 Nd7 19. Nd5 Bxd5 20. Qxd5 Nc5 21.
Bf4 Nxb3 22. axb3 Qb6 23. Be3 Qc6 24. Qf5 Rfe8 25. Rac1 Qb7 26. Bd4 Bf8 27. f3
a5 28. h3 a4 29. b4 d5 30. exd5 Rxe1+ 31. Rxe1 Bxb4 32. Qg4 f5 33. Qxf5 Bxe1
34. Qe6+ Kh7 35. Qe4+ Kh8 36. Qxe1 Qxd5 37. Qe3 Kg8 38. Kh2 b4 39. Be5 a3 40.
bxa3 bxa3 41. f4 a2 42. Qa7 Qf7 43. Qa4 Rd8 44. Qa5 Rd1 45. Qa8+ Kh7 46. Qa4
Rd2 47. Qe4+ Kh8 48. Qa8+ Qg8 49. Qc6 Kh7 50. Qe4+ Kh8 51. Qg6 Qh7 52. Qe8+ Qg8
53. Qg6 Qh7 54. Qe8+ Qg8 1/2-1/2

[Event "World Blitz 2015"]
[Site "Berlin GER"]
[Date "2015.10.14"]
[Round "15.1"]
[White "Carlsen, M."]
[Black "Grischuk, A."]
[Result "0-1"]
[WhiteElo "2850"]
[BlackElo "2774"]
[PlyCount "108"]
[EventDate "2015.10.13"]
[EventType "blitz"]

1. Nf3 c5 2. e3 Nf6 3. d4 g6 4. c3 b6 5. dxc5 bxc5 6. e4 Bg7 7. Bd3 O-O 8. O-O
d6 9. Na3 Bb7 10. Re1 Nbd7 11. h3 a5 12. Bf4 a4 13. Qd2 Bc6 14. Rad1 Qb6 15. e5
dxe5 16. Nxe5 Nxe5 17. Bxe5 Qb7 18. f3 Rfd8 19. Qf2 Rac8 20. Nc4 Bd5 21. Bf1
Ne8 22. Bxg7 Nxg7 23. Rd2 Bxc4 24. Bxc4 Rxd2 25. Qxd2 Nf5 26. b3 axb3 27. axb3
Qc7 28. Qf2 Rd8 29. Bf1 h5 30. b4 cxb4 31. cxb4 Qc3 32. b5 Rd2 33. Re2 Rd1 34.
g4 hxg4 35. hxg4 Nd4 36. Re3 Qc1 37. Rxe7 Rd2 38. Qe3 Ne2+ 39. Kg2 Nf4+ 40. Kg3
Ne6 41. Re8+ Kh7 42. Qe5 Ng7 43. Bg2 Nxe8 44. Qxe8 Qc7+ 45. Kh3 Kg7 46. Qe3 Qd6
47. b6 Rb2 48. Qc3+ Qf6 49. Qxf6+ Kxf6 50. f4 Rxb6 51. Bd5 Rd6 52. g5+ Kf5 53.
Bxf7 Kxf4 54. Kh4 Kf5 0-1

[Event "World Blitz 2015"]
[Site "Berlin GER"]
[Date "2015.10.13"]
[Round "10.1"]
[White "Socko, B."]
[Black "Carlsen, M."]
[Result "0-1"]
[WhiteElo "2599"]
[BlackElo "2850"]
[PlyCount "54"]
[EventDate "2015.10.13"]
[EventType "blitz"]

1. e4 e5 2. Nf3 Nc6 3. Bc4 Bc5 4. c3 Nf6 5. d4 exd4 6. e5 d5 7. Be2 Ne4 8. cxd4
Bb6 9. Nc3 O-O 10. Be3 Ne7 11. O-O c6 12. Rc1 Bf5 13. Qb3 Bg4 14. h3 Bh5 15.
Rfe1 Nf5 16. Na4 Bxf3 17. Bxf3 Ng5 18. Bg4 Nxd4 19. Bxd4 Bxd4 20. Qxb7 Ne4 21.
Re2 h5 22. Bxh5 Qh4 23. Bxf7+ Rxf7 24. Qxa8+ Kh7 25. Rcc2 Rxf2 26. Rxf2 Bxf2+
27. Kf1 Qf4 0-1